000 00725nam a22002297a 4500
005 20170124110110.0
010 _a471590
020 _c00.00
035 _a471590
037 _bCen Lib/Ret
040 _aDPL
_bEN
082 _a940.54
_bDUL
100 _aDulles, Allen
_928985
245 _aThe secret surrender /
_cby Allen Dulles
260 _aLondon
_bWeidenfeld and Nicolson
_c1966
270 _bLondon
_a5 Winsley street
300 _a267p.
_c21cm(Hb)
500 _aIncludes bibliographical references and index
650 _aWorld War, 1939-1945 -- Secret service -- United States
_928986
650 _aUnited States. -- Office of Strategic Services
_928987
942 _2ddc
_cEN
_h940.54
_mDUL
999 _c130353
_d130353